[Event "SVK-chT1E 0001"]
[Site "Slovakia"]
[Date "2001.??.??"]
[Round "5"]
[White "Lukac, Jozef"]
[Black "Profant, Tibor"]
[Result "1-0"]
[WhiteElo "2115"]
[BlackElo "2163"]
[PlyCount "131"]
[EventDate "2000.??.??"]
[EventType "team"]
[EventRounds "11"]
[EventCountry "SVK"]
[SourceTitle "EXT 2002"]
[Source "ChessBase"]
[SourceDate "2001.11.25"]
[SourceVersion "1"]
[SourceVersionDate "2001.11.25"]
[SourceQuality "1"]

1. Nf3 d6 2. g3 g6 3. Bg2 Bg7 4. 0-0 f5 5. d4 Nf6 6. c4 0-0 7. Qb3 c6 8. Nc3 Kh8 9. Bg5 Nh5 10. h3 h6 11. Bd2 Nf6 12. Nh4 Qe8 13. e4 fxe4 14. Nxe4 g5 15. Nxf6 Rxf6 16. Nf3 Qf7 17. h4 g4 18. Nh2 Qg6 19. Rae1 Rf7 20. Be4 Qh5 21. Qd3 Rf6 22. Bg2 Qf7 23. Qe4 Re6 24. Qxg4 Na6 25. Qf3 Qg8 26. Qd3 Rxe1 27. Rxe1 Be6 28. b3 Rf8 29. Bc3 Qf7 30. Re2 Nc7 31. Qe3 d5 32. c5 Nb5 33. Bb2 Bf5 34. a4 Nc7 35. Qxe7 Ne6 36. Qxf7 Rxf7 37. Rd2 Re7 38. b4 Nc7 39. b5 Re1+ 40. Nf1 Rb1 41. bxc6 bxc6 42. Kh2 Ne6 43. Ne3 Bg6 44. Nd1 Bh5 45. f3 Kg8 46. Bh3 Kf7 47. Bxe6+ Kxe6 48. g4 Bg6 49. Nc3 Rxb2 50. Rxb2 Bxd4 51. Re2+ Kf7 52. Nd1 Bxc5 53. f4 Bd6 54. Kg3 d4 55. Kf3 Kf6 56. f5 Bf7 57. Ke4 c5 58. Nf2 Bg3 59. g5+ hxg5 60. Ng4+ Kg7 61. hxg5 Bh4 62. Rc2 c4 63. Kxd4 Bxg5 64. Ne5 Bg8 65. Nxc4 Kf6 66. Nd6 1-0

[Event "SVK-chT2E 9900"]
[Site "Slovakia"]
[Date "2000.??.??"]
[Round "?"]
[White "Gazik, Igor"]
[Black "Profant, Tibor"]
[Result "1-0"]
[WhiteElo "2359"]
[BlackElo "2100"]
[PlyCount "83"]
[EventDate "1999.??.??"]
[EventType "team"]
[EventRounds "9"]
[EventCountry "SVK"]
[SourceTitle "EXT 2001"]
[Source "ChessBase"]
[SourceDate "2000.11.22"]
[SourceVersion "1"]
[SourceVersionDate "2000.11.22"]
[SourceQuality "1"]

1. e4 e6 2. d4 d5 3. Nc3 Bb4 4. e5 b6 5. Qg4 Bf8 6. Nf3 Qd7 7. a4 Ba6 8. Nb5 f5 9. Qh5+ g6 10. Qh4 h6 11. Qg3 g5 12. Qh3 Bxb5 13. axb5 g4 14. Qh5+ Qf7 15. Qxf7+ Kxf7 16. Ng1 Bg7 17. h3 h5 18. c4 Ne7 19. Bg5 c5 20. Bxe7 Kxe7 21. cxd5 exd5 22. Ne2 cxd4 23. Nf4 Rd8 24. hxg4 Bxe5 25. Ng6+ Kf6 26. Nxe5 Kxe5 27. Rxh5 Nd7 28. Rxf5+ Kd6 29. Rd1 Re8+ 30. Be2 Re5 31. Rxd4 Rxf5 32. gxf5 Ke5 33. Rxd5+ Kxd5 34. Bf3+ Kc5 35. Bxa8 Kxb5 36. Kd2 Kc5 37. g4 Kd6 38. f4 Nc5 39. Kc3 a5 40. g5 Na4+ 41. Kd4 b5 42. g6 1-0